000 00230nam a2200097 a 4500
005 20201002052312.0
008 150414s2004 000 spa d
245 0 _a"Presencia Mocana".
260 _a[s.l.],
_c[s.f].
999 _c45022
_d45022
040 _aDO-SdBNP